000 00270nam a2200097Ia 4500
001 642498
005 20250826153527.0
008 250824s9999 xx 000 0 und d
245 0 _aMUTLULUK ÖYKÜLER ANTİK YENİ
_cGUY DE MAUPASSANT
260 _bANTİK DÜNYA KLASİKLERİ
999 _c642498
_d642498